Nové výzvy a súčasné problémy presadzovania zahraničnoobchodných záujmov EÚ ovplyvnené geopolitickými zmenami (s implikáciami na ekonomiku SR)

Salvato in:
Dettagli Bibliografici
Ente Autore: Ekonomická univerzita v Bratislave. Obchodná fakulta
Altri autori: Kašťáková, Elena, 1974-, Kittová, Zuzana, 1975-, Bebiaková, Dáša
Natura: Libro
Lingua:slovacco
inglese
Pubblicazione: Bratislava Vydavateľstvo EKONÓM 2019
Edizione:1. vydanie
Soggetti:
Tags: Aggiungi Tag
Nessun Tag, puoi essere il primo ad aggiungerne!!

MARC

LEADER 00000nlm a2200000 4500
001 0260215
005 20240826113221.1
020 |a 978-80-225-4664-5 
041 0 |a slo 
041 0 |a eng 
044 |a SK 
245 1 0 |a Nové výzvy a súčasné problémy presadzovania zahraničnoobchodných záujmov EÚ ovplyvnené geopolitickými zmenami  |b (s implikáciami na ekonomiku SR)  |c Elena Kašťáková a kolektív ; recenzenti: Zuzana Kittová, Dáša Bebiaková 
250 |a 1. vydanie 
264 1 |a Bratislava  |b Vydavateľstvo EKONÓM  |c 2019 
300 |a CD-ROM 115 s. [8,15 AH] 
610 2 0 |a vzťahy zahraničné 
610 2 0 |a vzťahy hospodárske medzinárodné 
610 2 0 |a internacionalizácia 
610 2 0 |a obchod zahraničný 
610 2 0 |a spolupráca medzinárodná 
610 2 0 |a Slovensko 
610 2 0 |a Európska únia 
700 1 |a Kašťáková, Elena, 1974- 
700 1 |a Kittová, Zuzana, 1975- 
700 1 |a Bebiaková, Dáša 
710 2 |a Ekonomická univerzita v Bratislave. Obchodná fakulta